Регионална библиотека "Любен Каравелов" - Русе

Смисълът (Запис номер 205894)

MARC детайли
000 -Лидер
Контролно поле с фиксирана дължина 01349nam a2200349 c 4500
003 - Код на организацията, давaща контролен номер
Контролно поле BLK
005 - Дата и час на последна редакция
Контролно поле 20250702122950.0
008 - Елементи от данни с фиксирана дължина
fixed length control field 180411b bul|||||r ||||||| ||bul||
010 ## - Наследен системен номер
LC control number KNG00215624000
020 ## - Международен стандартен номер на книга ISBN
Международен стандартен номер на книга ISBN 9786191642595
040 ## - Източник на каталожния запис
Идентификатор на билиотеката - собственик на записа BLK
041 ## - Код за език
Код за езика на текст/звукозапис или на отделно заглавие Български
Код за езика КДБФ Български
072 #7 - Код за тематичната категория
Код организация bullib
Код за тематична категория Н84
Текст Българска художествена литература Н
080 ## - УДК
Текстов определител УДК Българска литература
УДК код - определител по УДК 821.163.2
УДК определител -31
УДК - код + определител 821.163.2-31
100 1# - Редна дума - Автор
Автор Филипова, Людмила Орлинова
Дати, свързани с автора 1977-
Автор - информация (биография) Писател. Икономист. Магистър по астрономия. Журналист
R(LIN) 277447
139 ## - Редно поле
Редна дума Филипова, Людмила Орлинова
Авторски знак Фили - Ф 50
245 10 - Сведения за заглавието
Заглавие Смисълът
Подзаглавни данни Енциклопедия на бъдещето : роман
Редно поле (дума) Людмила Орлинова Филипова.
257 ## - Страна на издаване
Страна на създаване/издаване България
260 ## - Област на издателските данни
Име на издателя, разпространителя и проч. Enthusiast
Година на издаване 2017
Печатница София : Алианс принт
300 ## - Физическа характеристика
Страници 424 с.
Размери/Мащаб 21 см
380 ## - Жанр
Жанр Худож. лит.
500 ## - Общи забележки
Забележка Съдържа и за авт.
653 ## - Ключова дума – ненормативна
Ключова дума романи
659 ## - Тематичен бюлетин
Тематичен бюлетин Н
852 ## - Местоположение
Форматна сигнатура Цб 288955
856 4# - Електронен адрес и достъп
Електронен формат pdf - файл
856 4# - Електронен адрес и достъп
Електронен формат pdf - файл
999 ## - СИСТЕМНИ КОНТРОЛНИ НОМЕРА
Koha biblionumber 205894
Koha biblioitemnumber 205894
942 ## - АРТИКУЛИ
Вид на библиотечния материал Книги
Скрит в OPAC Не
Koha issues (borrowed), all copies 87
944 ## - СЪЗДАВАНЕ И РЕДАКЦИЯ на ЗАПИСА
Създаване/Редакция Създаване
Дата на регистрацията/редакция 20.01.2018
Статус, дата на статуса Цветомила Тодорова
Служител, извършил регистрацията/редакцията 30576
944 ## - СЪЗДАВАНЕ И РЕДАКЦИЯ на ЗАПИСА
Създаване/Редакция Редакция
Дата на регистрацията/редакция 05.02.2018
Статус, дата на статуса ф /
Служител, извършил регистрацията/редакцията Людмила_Стоянова
999 ## - СИСТЕМНИ КОНТРОЛНИ НОМЕРА
Koha biblioitemnumber 205894
Наличности
Код за отписване Код за изгубен артикул Източник на класификационната схема Код за повреда Коз за рестрикции Код за отдаване Артикулен № Име на библиотеката - собственик Име на библиотеката, в която се намира в момента Статус (Текущо местоположение) Дата на вписване в системата Местоположение - отдел Цена в лева Инвентарен номер Систематично азбучна сигнатура Баркод Номер на екземпляра Цена в евро Служебна бележка Служебен тип на артикула
  Не е изгубен Universal Decimal Classification Не е повреден без рестрикции заемане за дома 354234 Регионална библиотека "Любен Каравелов" Русе Регионална библиотека "Любен Каравелов" Русе Заемна - подръчен фонд 2018-01-23 Заемна - подръчен фонд 18.00 120000819204 П 821.163.2-31/Ф 50 120000819204 1 9.20 Дост: Pk Вид: Ф N: 500 Дата: 17.01.2018 Книги
  Не е изгубен Universal Decimal Classification Не е повреден без рестрикции заемане за дома 678366 Регионална библиотека "Любен Каравелов" Русе Регионална библиотека "Любен Каравелов" Русе Заемна - подръчен фонд 2018-07-12 Заемна - подръчен фонд 18.00 120000822008 П 886.7-31/Ф 50 120000822008   9.20   Книги
  Не е изгубен Universal Decimal Classification Не е повреден без рестрикции ползва се в читалня 684358 Регионална библиотека "Любен Каравелов" Русе Регионална библиотека "Любен Каравелов" Русе Хранилище 2018-12-05 Хранилище 18.00   Цб 291998 120000826075   9.20   Книги
Vip Innovations Ltd, Rousse, Bulgaria 2025